000 00486nam a2200193Ia 4500
005 20250326142657.0
008 250326s9999 xx 000 0 und d
037 _aTextbook
040 _aFMSL
_beng
_cFMSL
041 _aeng
_2eng
084 _qFMSL
100 _aI.C.S.S.R
_9740286
245 0 _aSurvey of Research in psychology
_cI.C.S.S.R
260 _aPopular
_bPopular, prakasha
_c1981
300 _a529p
490 _vvol.II
942 _cTB
999 _c1296136
_d1296136